000
00304nam a22001337a 4500
008
170607b xxu||||| |||| 00| 0 eng d
020
_a
9780230111349
041
_a
eng
080
_a
32
100
_a
18
101
_a
SHP
245
_a
CIVIC PARTICIPATION IN AMERICA
_c
JEFFREY.TH
942
_2
udc
_c
BK
999
_c
16293
_d
16293